000 00464cam a22001577a 4500
008 180718b2006 xxu||||| |||| 00| 0 eng d
020 _a8177081020
082 _aL65 R18
100 _aRao, Hemlata
245 _aFiscal federalism: issues and policies
_cby Hemlata Rao
260 _aNew Delhi
_bNew Century
_c2006
300 _a355p.
650 _aFiscal policy --India
650 _aRevenue sharing --India
650 _aIntergovernmental fiscal relations --India
999 _c406486
_d406486